|
|
|
|
| LEADER |
00000nas a2200000 a 4500 |
| 001 |
ssj0012666 |
| 003 |
WaSeSS |
| 005 |
20200512172242.0 |
| 006 |
m d |
| 007 |
cr n |
| 008 |
840206d19842002dcumn p s 0 a0eng c |
| 010 |
|
|
|a sc 84007804
|z sn 84010968
|
| 016 |
7 |
|
|a 8410942
|2 DNLM
|
| 016 |
7 |
|
|a P19950000
|2 DNLM
|
| 016 |
7 |
|
|a 007867212
|2 Uk
|
| 022 |
|
|
|l 0749-2448
|y 0749-2448
|
| 035 |
|
|
|a (WaSeSS)ssj0012666
|
| 037 |
|
|
|b Population Reference Bureau, 1875 Connecticut Ave., N.W., Suite 520, Washington, DC 20009-5728
|
| 040 |
|
|
|a KEN
|b eng
|c KEN
|d OCL
|d HUL
|d IUL
|d HUL
|d NST
|d DLC
|d NST
|d NSD
|d NST
|d HUL
|d NST
|d NLM
|d NST
|d NSD
|d NST
|d NSD
|d NST
|d MYG
|d NST
|d HUL
|d IUL
|d CLU
|d SYS
|d OCL
|d CLU
|d NLM
|d OCLCQ
|d GUA
|d OCL
|d OCLCQ
|d UKMGB
|d OCLCA
|d OCLCF
|d OCLCO
|d OCLCQ
|d OCLCO
|d CUS
|d OCLCO
|d OCLCA
|d WaSeSS
|
| 042 |
|
|
|a pcc
|a nsdp
|
| 050 |
1 |
4 |
|a HB848
|b .P678
|
| 060 |
0 |
0 |
|a W1
|b PO675P
|
| 082 |
1 |
0 |
|a 304
|2 11
|
| 210 |
0 |
|
|a Popul. today
|
| 222 |
|
0 |
|a Population today
|
| 245 |
0 |
0 |
|a Population today
|h [electronic resource].
|
| 260 |
|
|
|a Washington, D.C. :
|b Population Reference Bureau,
|c 1984-©2002.
|
| 310 |
|
|
|a Monthly (combined issue in July/Aug.)
|
| 362 |
0 |
|
|a Vol. 12, no. 1 (Jan. 1984)-v. 30, no. 8 (Nov./Dec. 2002).
|
| 500 |
|
|
|a Title from cover.
|
| 506 |
|
|
|a License restrictions may limit access.
|
| 650 |
|
0 |
|a Population
|v Periodicals.
|
| 650 |
|
0 |
|a Family policy
|v Periodicals.
|
| 650 |
|
0 |
|a Birth control
|v Periodicals.
|
| 650 |
|
7 |
|a Birth control.
|2 fast
|0 (OCoLC)fst00833148
|
| 650 |
|
7 |
|a Family policy.
|2 fast
|0 (OCoLC)fst00920433
|
| 650 |
|
7 |
|a Population.
|2 fast
|0 (OCoLC)fst01071476
|
| 650 |
|
2 |
|a Family Planning Services.
|
| 650 |
|
2 |
|a Population Control.
|
| 655 |
|
0 |
|a Electronic journals.
|
| 710 |
2 |
|
|a Population Reference Bureau.
|
| 780 |
0 |
0 |
|t Intercom
|x 0092-444X
|w (DLC)sc 78000254
|w (OCoLC)2323382
|
| 850 |
|
|
|a CaNBFU
|a InU
|a MCM
|a OrCS
|a PU
|a RPB
|a T
|
| 853 |
1 |
2 |
|8 1
|a v.
|b no.
|u 12
|v r
|i (year)
|j (month)
|
| 856 |
4 |
0 |
|z Full text available from Research Library: 09/01/1997 to 11/30/2002
|u https://search.proquest.com/publication/31542
|
| 863 |
4 |
0 |
|8 1
|a <12>
|i <1984>
|x provisional
|